Top 100 kierowców Formuły 1 wg punktów - Statystyki

Ogólne statystyki
  • Ten quiz został rozwiązany 902 razy
  • Średni wynik to 34 z 100
Statystyki odpowiedzi
Punkty Driver % Poprawnych
1. 3973 Lewis Hamilton
99%
8. 1349 Max Verstappen
93%
7. 1566 Michael Schumacher
93%
2. 3048 Sebastian Vettel
92%
3. 1937 Fernando Alonso
90%
4. 1865 Kimi Raikkonen
82%
16. 614 Ayrton Senna
81%
21. 481 Charles Leclerc
80%
13. 810 Sergio Perez
78%
22. 455 Carlos Sainz
76%
6. 1594,5 Nico Rosberg
76%
5. 1620 Valtteri Bottas
75%
41. 259 Lando Norris
74%
10. 1209 Daniel Ricciardo
73%
38. 274 Robert Kubica
72%
14. 798,5 Alain Prost
68%
23. 420,5 Niki Lauda
67%
9. 1235 Jenson Button
66%
43. 249 Pierre Gasly
66%
47. 237 Esteban Ocon
60%
18. 521 Nico Hulkenberg
60%
29. 329 Ralf Schumacher
57%
11. 1167 Felipe Massa
56%
68. 158 Kevin Magnussen
56%
24. 420 Mika Hakkinen
56%
67. 159,5 Keke Rosberg
55%
66. 160 Lance Stroll
55%
12. 1047,5 Mark Webber
53%
35. 277,64 Juan Manuel Fangio
51%
54. 197 Alexander Albon
46%
19. 485,5 Nelson Piquet
46%
28. 360 Damon Hill
45%
15. 658 Rubens Barrichello
45%
32. 289 Graham Hill
43%
20. 482 Nigel Mansell
42%
25. 391 Romain Grosjean
42%
17. 535 David Coulthard
40%
48. 235 Jacques Villeneuve
39%
63. 179 James Hunt
39%
85. 98 Phil Hill
38%
70. 140,14 Alberto Ascari
35%
27. 360 Jackie Stewart
35%
33. 281 Emerson Fittipaldi
33%
81. 107 Gilles Villeneuve
33%
37. 274 Jim Clark
33%
53. 202 Daniil Kvyat
32%
74. 127,33 Giuseppe Farina
31%
39. 261 Jack Brabham
30%
31. 307 Juan Pablo Montoya
30%
82. 105 Heikki Kovalainen
29%
45. 246,5 Jarno Trulli
28%
40. 259 Nick Heidfeld
28%
98. 71 Jochen Mass
27%
94. 76 Pastor Maldonado
27%
62. 180 Mario Andretti
25%
42. 255 Jody Scheckter
24%
36. 275 Giancarlo Fisichella
23%
75. 125 Kamui Kobayashi
22%
52. 206 Alan Jones
21%
79. 109 Jochen Rindt
20%
57. 186,64 Stirling Moss
19%
73. 127,64 Mike Hawthorn
18%
55. 196,5 Bruce Mclaren
17%
44. 248 Denny Hulme
17%
61. 180 John Surtees
17%
76. 124 Adrian Sutil
16%
56. 191 Eddie Irvine
16%
26. 385 Gerhard Berger
14%
59. 181 Jacky Ickx
13%
46. 241 Jean Alesi
13%
34. 281 Riccardo Patrese
12%
64. 174 Heinz-Harald Frentzen
11%
93. 76 Olivier Panis
10%
30. 310 Carlos Reutemann
9%
78. 121 Paul Di Resta
9%
51. 206 Ronnie Peterson
9%
50. 212 Clay Regazzoni
8%
58. 186,5 Michele Alboreto
8%
60. 181 Rene Arnoux
8%
84. 101 Didier Pironi
7%
87. 98 Johnny Herbert
7%
65. 169 John Watson
7%
86. 98 Martin Brundle
7%
49. 228 Jacques Laffite
6%
77. 122 Elio De Angelis
5%
69. 141 Patrick Depailler
5%
83. 103 Patrick Tambay
5%
72. 132 Thierry Boutsen
5%
95. 75 Tony Brooks
5%
90. 83 Chris Amon
4%
71. 133 Dan Gurney
4%
88. 89 Francois Cevert
4%
91. 77,64 Jose-Froilan Gonzalez
4%
97. 71 Pedro Rodriguez
4%
89. 88 Stefan Johansson
4%
99. 71 Derek Warwick
3%
92. 77 Jean-Pierre Beltoise
3%
100. 70 Eddie Cheever
2%
96. 72,33 Maurice Trintignant
2%
80. 107 Richie Ginther
2%
Nie znaleziono quizów pasujących do podanych kryteriów
Rozkład punktacji
Procent ludzi z każdym wynikiem
Percentyl według liczby udzielonych odpowiedzi
Twoja historia wyników
Nie rozwiązałeś tego quizu